[Event "Schoelcher Martinique op"]
[Site "Schoelcher "]
[Date "2013.04.06"]
[Round "8"]
[White "Lafortune, Emerick"]
[Black "Medeuf, Jonhel"]
[Result "1-0"]
[WhiteElo "1684"]
[BlackElo "1863"]
[PlyCount "59"]
[EventDate "2013.04.03"]
[EventType "swiss"]
[EventRounds "9"]
[EventCountry "MFR"]
[SourceTitle "CBM 153 Extra"]
[Source "ChessBase"]
[SourceDate "2013.04.22"]
[SourceVersion "1"]
[SourceVersionDate "2013.04.22"]
[SourceQuality "1"]

1. Nf3 d5 2. d4 Nf6 3. g3 Nbd7 4. c4 e6 5. Bg2 c6 6. 0-0 Bd6 7. Nc3 0-0 8. Qc2 b6 9. e4 dxe4 10. Nxe4 Nxe4 11. Qxe4 Bb7 12. Rd1 Nf6 13. Qc2 Qc7 14. b3 c5 15. Bb2 Nh5 16. Ng5 g6 17. Ne4 Be7 18. d5 exd5 19. cxd5 Bd6 20. Qc3 f6 21. f4 Rf7 22. Rd2 Raf8 23. Bh3 Bc8 24. Bg2 Ng7 25. Re1 Bf5 26. Rde2 Bg4 27. Re3 Nf5 28. Ng5 Nxe3 29. Nxf7 Nxg2 30. Qxf6 1-0